书目信息 |
| 题名: |
品牌市场营销
|
|
| 作者: | 博报堂 著 ;靳淑敏 , 陈刚 译 | |
| 分册: | ||
| 出版信息: | 北京 科学出版社 2007.02 |
|
| 页数: | 205页 | |
| 开本: | 23cm | |
| 丛书名: | 市场营销新概念系列 | |
| 单 册: | ||
| 中图分类: | F7274 | |
| 科图分类: | ||
| 主题词: | 商业经济--中国 | |
| 电子资源: | ||
| ISBN: | 7-03-017320-1 | |
| 000 | 00745 nam 000253 | |
| 001 | 0100001630 | |
| 005 | 20070901114113.85 | |
| 010 | @a7-03-017320-1@dCNY28.00 | |
| 100 | @a20070804d2007 em y0chiy0121 ea | |
| 101 | @achi | |
| 102 | @aCN@b110000 | |
| 105 | @ay z 000yy | |
| 200 | 10 | @a品牌市场营销@9pin pai shi chang ying xiao@f(日)博报堂著@F( ri ) bo bao tang zhu@g陈刚,靳淑敏译@Gchen gang , jin shu min yi |
| 210 | @a北京@c科学出版社@d2007.02 | |
| 215 | @a205页@d23cm | |
| 225 | @a市场营销新概念系列 | |
| 606 | @a商业经济@x中国 | |
| 690 | @aF7274@v4 | |
| 701 | 0 | @a博报堂@9bo bao tang@4著 |
| 702 | @a靳淑敏@9jin shu min@4译 | |
| 702 | @a陈刚@9chen gang@4译 | |
| 801 | @aCN@c20070901 | |
| 901 | @a000003 | |
| 905 | @dF7274@eB951 | |
| 品牌市场营销/(日)博报堂著/陈刚,靳淑敏译.-北京:科学出版社,2007.02 |
| 205页;23cm.-(市场营销新概念系列) |
| ISBN 7-03-017320-1:CNY28.00 |
| ● |
| 相关链接 |
|
|
|
正题名:品牌市场营销
索取号:F7274/B951
 
预约/预借
| 序号 | 登录号 | 条形码 | 馆藏地/架位号 | 状态 | 备注 |
| 1 | 643360 | 206433607 | 社科库409/400A自科库 8排2列4层/ [索取号:F7274/B951] | 在馆 | |
| 2 | 643361 | 206433616 | 社科库409/409社科库 47排5列2层/ [索取号:F7274/B951] | 在馆 | |
| 3 | 643362 | 206433625 | 社科库409/409社科库 93排2列1层/ [索取号:F7274/B951] | 在馆 |